Villes desservies par le métro parisien - Statistiques

Statistiques générales
  • Ce quiz a été pris 363 fois
  • Le résultat moyen est 20 sur 32
Statistiques - réponses
Stations Ville % Correct
245 Paris
94%
5 Saint-Denis
89%
5 Boulogne-Billancourt
81%
4 Créteil
75%
2 Ivry-sur-Seine
75%
5 Aubervilliers
74%
3 Vincennes
73%
2 Issy-les-Moulineaux
72%
3 Levallois-Perret
72%
3 Montreuil
71%
2 Neuilly-sur-Seine
70%
3 Montrouge
68%
4 Pantin
66%
3 Saint-Ouen-sur-Seine
66%
2 Bobigny
65%
2 Clichy
64%
3 Asnières-sur-Seine
63%
3 Villejuif
63%
1 Les Lilas
56%
3 Bagneux
53%
1 La Courneuve
53%
2 Malakoff
52%
1 Bagnolet
51%
2 Puteaux
51%
3 Gennevilliers
48%
3 Maisons-Alfort
48%
2 Saint-Mandé
48%
2 Charenton-le-Pont
46%
1 Châtillon
46%
1 Le Kremlin-Bicêtre
46%
1 Vanves
45%
1 Courbevoie
42%
Aucun quiz correspondant
Distribution des résultats
% des personnes avec chaque résultat
Percentile par nombre de réponses
Votre historique - résultats
Vous n’avez pas pris ce quiz